Detalles MARC
| 000 -CABECERA |
| campo de control de longitud fija |
02557nam a2200325 a 4500 |
| 003 - IDENTIFICADOR DEL NÚMERO DE CONTROL |
| campo de control |
DO-SdBNP |
| 005 - FECHA Y HORA DE LA ÚLTIMA TRANSACCIÓN |
| campo de control |
20260302105356.0 |
| 007 - CAMPO FIJO DE DESCRIPCIÓN FÍSICA--INFORMACIÓN GENERAL |
| campo de control de longitud fija |
ta |
| 008 - DATOS DE LONGITUD FIJA--INFORMACIÓN GENERAL |
| campo de control de longitud fija |
211227e2020 dr ||||ergl|| 001 edspa d |
| 020 ## - NÚMERO INTERNACIONAL ESTÁNDAR DEL LIBRO |
| Número Internacional Estándar del Libro |
9789945807264 |
| 040 ## - FUENTE DE LA CATALOGACIÓN |
| Centro catalogador/agencia de origen |
DO-SdBNP |
| Lengua de catalogación |
spa |
| Centro/agencia transcriptor |
BNPHU |
| 082 #4 - NÚMERO DE LA CLASIFICACIÓN DECIMAL DEWEY |
| Número de edición |
22 |
| Número de documento/Ítem |
H557p |
| 100 1# - ENTRADA PRINCIPAL--NOMBRE DE PERSONA |
| Nombre de persona |
Hernández Fortuna, Arsenio |
| 9 (RLIN) |
37797 |
| 240 ## - TÍTULO UNIFORME |
| Título uniforme |
Ley 176 - 07 - 2010 |
| 245 13 - MENCIÓN DE TÍTULO |
| Título |
El poder municipal / |
| Mención de responsabilidad, etc. |
Arsenio Hernández Fortuna; Prólogo, de Virtudes Álvarez; imágen de portada, Abelardo Rodríguez Urdaneta |
| 260 ## - PUBLICACIÓN, DISTRIBUCIÓN, ETC. |
| Lugar de publicación, distribución, etc. |
Santo Domingo : |
| Nombre del editor, distribuidor, etc. |
Mediabyte, |
| Fecha de publicación, distribución, etc. |
2020 |
| 300 ## - DESCRIPCIÓN FÍSICA |
| Extensión |
166 p. ; |
| Dimensiones |
21 cm. |
| 500 ## - NOTA GENERAL |
| Nota general |
Para la mejor y la más pronta expedición de los negocios públicos se distribuyen en Poder Municipal, Poder Legislativo, Poder Judicial y Poder Ejecutivo. (Proyecto de Constitución de Juan Pablo Duarte) |
| 500 ## - NOTA GENERAL |
| Nota general |
Incluye datos biográficos del en la contracubierta. |
| 500 ## - NOTA GENERAL |
| Nota general |
Incluye bibliografía y notas al pié de páginas. |
| 504 ## - NOTA DE BIBLIOGRAFÍA, ETC. |
| Nota de bibliografía, etc. |
Bibliografía: p. 167- 168 |
| 505 ## - NOTA DE CONTENIDO CON FORMATO |
| Nota de contenido con formato |
Prólogo. |
| Título |
Prefacio (a una edición del Proyecto de Constitución de JPD).-- |
| -- |
Prólogo de Virtudes Áalvarez.-- |
| Información miscelánea |
Primera Parte |
| Título |
Raíces históricas del Poder Municipal.-- |
| -- |
La cuestión municipal en la Constitución del 2010.-- |
| -- |
Ley 176-07 del Distrito Nacional y los Municipios.-- |
| -- |
Ayuntamientos y cooperativas.-- |
| -- |
Conclusiones.-- |
| Información miscelánea |
Segunda Parte: Artículos. |
| Título |
Propuestas Municipales.-- |
| -- |
Montecristi necesita más obras públicas |
| -- |
Propuestas para transformar la sociedad.-- |
| -- |
Ni más soldados ni muros: Comercio!.-- |
| -- |
Frenar atentados a la soberanía.-- |
| -- |
La soberanía era la prioridad en 1965 y ahora.-- |
| -- |
!Reinicia la marcha!.-- |
| -- |
Asimilar experiencia unitaria de abril ´65.-- |
| -- |
Movilizar por un sueldo mínimo de $25,000.-- |
| -- |
La gota que rebosaría el vaso.-- |
| -- |
!Reiniciar la marcha! (II).-- |
| -- |
Frenar violencia contra la mujer y sociedad.-- |
| -- |
A la memoria de Héctor Álvarez Morel (Tominín).-- |
| -- |
Por otro candidato (a) presidencial.-- |
| -- |
Concertar un programa de cambios.-- |
| -- |
Consensuar un programa de gobierno.-- |
| Información miscelánea |
Tercera parte: otros artículos |
| Título |
Vida de Juan Pablo Duarte.-- |
| -- |
45 años después.... |
| -- |
Anexo.-- |
| -- |
Bibliografía. |
| 590 ## - NOTA LOCAL (RLIN) |
| Nota local |
Inventariado 2021 / MF |
| 600 10 - PUNTO DE ACCESO ADICIONAL DE MATERIA--NOMBRE DE PERSONA |
| Nombre de persona |
Duarte, Juan Pablo, |
| Fechas asociadas al nombre |
1813-1876 |
| Subdivisión geográfica |
República Dominicana |
| 9 (RLIN) |
1494 |
| 650 #4 - PUNTO DE ACCESO ADICIONAL DE MATERIA--TÉRMINO DE MATERIA |
| 9 (RLIN) |
17752 |
| Término de materia o nombre geográfico como elemento de entrada |
Gobierno Municipal |
| Subdivisión geográfica |
República Dominicana |
| Subdivisión general |
Historia |
| 650 #4 - PUNTO DE ACCESO ADICIONAL DE MATERIA--TÉRMINO DE MATERIA |
| 9 (RLIN) |
16862 |
| Término de materia o nombre geográfico como elemento de entrada |
Ley 176 - 07 de 2010 |
| Subdivisión de forma |
Poder Municipal |
| Subdivisión general |
Legislación |
| Subdivisión geográfica |
República Dominicana |
| 700 1# - PUNTO DE ACCESO ADICIONAL--NOMBRE DE PERSONA |
| Nombre de persona |
Álvarez, Virtudes, |
| Fechas asociadas al nombre |
1960- |
| Término indicativo de función/relación |
pról. |
| 9 (RLIN) |
74097 |
| 700 1# - PUNTO DE ACCESO ADICIONAL--NOMBRE DE PERSONA |
| Nombre de persona |
Rodríguez Urdaneta, Abelardo |
| Término indicativo de función/relación |
fotogr. |
| 9 (RLIN) |
83137 |
| 942 ## - ELEMENTOS DE PUNTO DE ACCESO ADICIONAL (KOHA) |
| Fuente del sistema de clasificación o colocación |
Dewey Decimal Classification |
| Tipo de ítem Koha |
Libro |